000
00297nam a2200121Ia 4500
008
220204s9999 xx 000 0 und d
082
_a
77.02.17
_b
WAL
100
_a
Walter, Ernest
245
0
_a
Techniques of the film cutting room
250
_a
Ed.2
260
_a
London
_b
Focal
_c
1976
942
_c
BK
999
_c
29137
_d
29137